Decision-making in police administration /

Bibliographic Details
Main Author: Bristow, Allen P.
Other Authors: Gabard, E. Caroline
Format: Book
Language:English
Published: Springfield, Ill. : Thomas, [1961]
Subjects:

MARC

Tag First Indicator Second Indicator Subfields
LEADER 00000cam a2200000 4500
001 in00000075295
005 20151008052621.0
008 750813s1961 ilu 00000 eng u
010 |a  61009025  
035 |a (OCoLC)01544226 
035 |9 AAH4144AM 
040 |c FUB  |d TXA  |d UtOrBLW 
049 |a TXAM  |c [414982] 
050 0 0 |a HV7935  |b .B68 1961 
092 |a 352.2  |b B861d 
100 1 |a Bristow, Allen P. 
245 1 0 |a Decision-making in police administration /  |c by Allen P. Bristow and E. C. Gabard. Illus. by Jan Daligcon. 
264 1 |a Springfield, Ill. :  |b Thomas,  |c [1961] 
300 |a 118 pages :  |b illustrations ;  |c 24cm. 
336 |a text  |b txt  |2 rdacontent 
337 |a unmediated  |b n  |2 rdamedia 
338 |a volume  |b nc  |2 rdacarrier 
650 0 |a Police. 
650 0 |a Decision making. 
700 1 |a Gabard, E. Caroline. 
999 |a MARS 
999 f f |s 5ab434c1-dfb0-3bdb-b677-c235a2631b5d  |i 0c42c02c-bd3f-3bfc-8bcd-62b25535a525  |t 0 
952 f f |p ric  |a Texas A&M University  |b Rellis Campus  |c Joint Library Facility  |d Remote Storage  |t 0  |e HV7935 .B68 1961  |h Library of Congress classification  |i unmediated -- volume  |m A14800797735 
998 f f |a HV7935 .B68 1961  |t 0  |l Remote Storage